Hospodárska politika orientovaná na dlhodobý ekonomický rast

Vývoj svetového HDP, ekonomický rast a hospodárska politika. Dlhodobý ekonomický rast. Tempo rastu svetového HDP a HDP vybraných krajín. Inovácie ako dlhodobé determinanty ekonomického rastu. Zhodnotenie svetového reálneho HDP 1950-2008.

Salvato in:
Dettagli Bibliografici
Autore principale: Buday, Jozef
Natura: Capitolo di libro
Lingua:slovacco
Soggetti:
Tags: Aggiungi Tag
Nessun Tag, puoi essere il primo ad aggiungerne!!

MARC

LEADER 00000nla$a2200000$$$4500
001 0147251
005 20240502072647.8
041 0 |a slo 
044 |a SK 
245 1 0 |a Hospodárska politika orientovaná na dlhodobý ekonomický rast  |c Jozef Buday 
520 |a Vývoj svetového HDP, ekonomický rast a hospodárska politika. Dlhodobý ekonomický rast. Tempo rastu svetového HDP a HDP vybraných krajín. Inovácie ako dlhodobé determinanty ekonomického rastu. Zhodnotenie svetového reálneho HDP 1950-2008. 
610 2 0 |a rast hospodársky 
610 2 0 |a rast hospodársky dlhodobý 
610 2 0 |a tempo rastu hospodárskeho 
610 2 0 |a produkt domáci hrubý 
610 2 0 |a politika hospodárska 
610 2 0 |a inovácia 
610 2 0 |a globalizácia 
100 1 |a Buday, Jozef